00533nam a22001697a 450000500170000001000150001702000260003203500140005803700090007208200080008110000200008924500780010926000570018727000760024430000190032070000240033920220216153141.0 aENG-131634 a9789390727308c820.00 aEN-115166 bDBAD a657 aSharma, Parveen aProblems and Solutions in Accounting/cParveen Sharma, Kapileshwar Bhalla aChennaibMcGraw Hill Education Private Limitedc2020 aAnjana Complex No. 5/90 A, Butt Road, St. Thomas MountbChennaie600016 avp.c25cm(pbk) aBhalla, Kapileshwar